| 000 | 00375nam a2200133Ia 4500 | ||
|---|---|---|---|
| 008 | 231129s9999||||xx |||||||||||||| ||spa|| | ||
| 020 | _a978-958-44-0503-6 | ||
| 040 | _bspa | ||
| 082 | _a624.171 B748e | ||
| 100 | _aBotero Echeverri Gustavo | ||
| 245 | 0 | _aEstructuras aplicadas | |
| 264 | _aArmenia Colombia : San Jose | ||
| 942 |
_2ddc _cBKS |
||
| 999 |
_c13609 _d13609 |
||